000 00602nam a2200217 a 4500
001 1623475
005 20171220041319.0
008 950515s1995 mouaf 001 0 eng
010 _a 95153374
020 _a0801681251
040 _aDLC
_cDLC
041 _aeng
080 _a611.81 NOL
082 0 0 _a611.81 NOL
_220
100 1 _a7
101 _aNEU
245 1 4 _aThe human brain :
_cJohn Nolte, Jay B. Angevine, Jr.
906 _a7
_bcbc
_corignew
_d2
_encip
_f19
_gy-gencatlg
942 _2ddc
_cBK
999 _c39198
_d39198